000
00219nam a22001097a 4500
020
_a
9780439841177
082
_a
K800
100
_a
STILTON, GERONIMO
245
_a
THE MUMMY WITH NO NAME-26
300
_a
98P
942
_c
BK
999
_c
1265
_d
1265